| 000 | 01837nam0a2200385 4500 | ||
|---|---|---|---|
| 001 | RU\NLR\bibl\522975 | ||
| 005 | 20250609145317.0 | ||
| 010 |
_a5-89349-680-9 _bФлинта |
||
| 010 |
_a5-02-033115-5 _bНаука _9300 |
||
| 021 |
_aRU _b2004-21628 _91097 |
||
| 021 |
_aRU _b2006-48832 _92423 |
||
| 035 | _a(NLR Aleph) 000515369 | ||
| 090 |
_a1259338 _c1259338 |
||
| 100 | _a20040524d2004 |||y0rusy50 ca | ||
| 101 | 0 |
_arus _aeng |
|
| 102 | _aRU | ||
| 105 | _ay ||||||||| | ||
| 200 | 1 |
_aСинтаксис придаточного предложения: функционально-коммуникативные аспекты _dSyntax of the subordinate clause: its functional and communicative properties _eУчеб. пособие _e[Для студентов, аспирантов и преподавателей англ. яз. филол. фак. ун-тов и пед. ин-тов] _fМ.М. Филиппова _zeng |
|
| 205 | _a2-е изд. | ||
| 210 |
_aМ. _cФлинта _cНаука _d2004 |
||
| 215 |
_a134, [1] с. _d20 |
||
| 300 | _aЧасть текста на рус. яз. | ||
| 320 | _aБиблиогр.: с. 127-131 | ||
| 510 | 1 |
_6z11790 _aSyntax of the subordinate clause: its functional and communicative properties _zeng |
|
| 606 | 0 |
_aАнглийский язык _jУчебные издания для высших учебных заведений _xПредложение придаточное _9971764 _3RU\NLR\auth\6645742 |
|
| 686 | _aШ143.21-93рус3-222 | ||
| 700 | 1 |
_aФилиппова _bМ. М. _gМаргарита Михайловна _4070 |
|
| 790 | 1 |
_6z11510 _aFilippova _bM. M. _gMargarita Michajlovna _4070 |
|
| 801 | 0 |
_aRU _bNLR _c20040524 _gPSBO |
|
| 801 | 1 |
_aRU _bNLR _c20040524 |
|
| 830 | _aАвт. по кн. | ||
| 942 | _cBOOK | ||
| 980 | _aNB | ||